[Event "Madrid-ch final"]
[White "Rodriguez Melendez, Juan Humbert"]
[Black "Rios Rebollo, Victor"]
[Site "Madrid"]
[Round "4"]
[Result "1/2-1/2"]
[Date "2019.05.28"]
[WhiteElo "2212"]
[BlackElo "2007"]
[PlyCount "128"]
[EventDate "2019.05.25"]
[EventType "swiss"]
[EventRounds "7"]
[EventCountry "ESP"]
[SourceTitle "CBM 190 Extra"]
[Source "ChessBase"]
[SourceDate "2019.07.15"]
[SourceVersion "1"]
[SourceVersionDate "2019.07.15"]
[SourceQuality "1"]

1. d4 d5 2. c4 e6 3. g3 Nf6 4. Nf3 Be7 5. Bg2 0-0 6. 0-0 dxc4 7. Qc2 a6 8. a4 Bd7 9. Qxc4 Bc6 10. Bf4 a5 11. Nc3 Na6 12. Rac1 Nb4 13. Ne5 Bxg2 14. Kxg2 c6 15. e4 Ra6 16. Rfd1 h6 17. Be3 Qb8 18. Qe2 Rd8 19. Ng4 Nxg4 20. Qxg4 Kf8 21. Qh5 Qd6 22. Rd2 Raa8 23. Rcd1 Qc7 24. Ne2 Bf6 25. Qf3 Be7 26. Nf4 Kg8 27. Nh5 Bf8 28. h4 Rd7 29. Qg4 Kh8 30. Bf4 Qd8 31. Be5 f6 32. Bf4 Qe7 33. Be3 Qf7 34. Nf4 f5 35. Qf3 Rad8 36. h5 Kh7 37. Ng6 fxe4 38. Qxe4 Qf5 39. Qf3 Bd6 40. g4 Qxf3+ 41. Kxf3 Nd5 42. Ke2 Nb6 43. b3 Bb4 44. Rd3 Nd5 45. Bd2 Bxd2 46. R1xd2 Nf6 47. f3 Nd5 48. Rd1 Rf7 49. Kf2 Nf4 50. Nxf4 Rxf4 51. Kg3 Rf7 52. Re1 Rfd7 53. Rxe6 Rxd4 54. Rde3 Kg8 55. Re7 R4d7 56. R3e5 b6 57. R5e6 Rxe7 58. Rxe7 Rd3 59. Rc7 c5 60. Rc8+ Kf7 61. Rc7+ Kf8 62. Rc8+ Kf7 63. Rc7+ Kg8 64. Rc8+ Kf7 1/2-1/2

[Event "Madrid-ch final"]
[White "Suarez Uriel, Adrian"]
[Black "Rios Rebollo, Victor"]
[Site "Madrid"]
[Round "2"]
[Result "1-0"]
[Date "2019.05.26"]
[WhiteElo "2382"]
[BlackElo "2007"]
[PlyCount "57"]
[EventDate "2019.05.25"]
[EventType "swiss"]
[EventRounds "7"]
[EventCountry "ESP"]
[SourceTitle "CBM 190 Extra"]
[Source "ChessBase"]
[SourceDate "2019.07.15"]
[SourceVersion "1"]
[SourceVersionDate "2019.07.15"]
[SourceQuality "1"]

1. e4 e6 2. d4 d5 3. Nd2 dxe4 4. Nxe4 Bd7 5. Nf3 Bc6 6. Bd3 Nd7 7. 0-0 Ngf6 8. Neg5 h6 9. Nxe6 fxe6 10. Bg6+ Ke7 11. Re1 Bxf3 12. Qxf3 Nb6 13. c4 Nxc4 14. Rxe6+ Kxe6 15. Qe2+ Kd7 16. Bf5+ Kc6 17. Qxc4+ Kb6 18. Qb3+ Kc6 19. Bf4 b6 20. Rc1+ Kb7 21. Qf3+ Nd5 22. Bxc7 Rc8 23. Bxc8+ Qxc8 24. Qxd5+ Ka6 25. Rc4 Qe8 26. Be5 Be7 27. b3 b5 28. Qe6+ Kb7 29. Rc7+ 1-0

[Event "Madrid-chT 1516"]
[White "Rios Rebollo, Victor"]
[Black "Iagar, Razvan Gabriel"]
[Site "Madrid"]
[Round "6.26"]
[Result "1/2-1/2"]
[Date "2016.01.17"]
[WhiteElo "1980"]
[BlackElo "2150"]
[PlyCount "65"]
[EventDate "2015.11.22"]
[EventType "team-tourn"]
[EventRounds "14"]
[EventCountry "ESP"]
[SourceTitle "EXT 2017"]
[Source "ChessBase"]
[SourceDate "2016.10.25"]
[SourceVersion "1"]
[SourceVersionDate "2016.10.25"]
[SourceQuality "1"]
[WhiteTeam "Vallecas CDV"]
[BlackTeam "Blanco y Negro"]
[WhiteTeamCountry "ESP"]
[BlackTeamCountry "ESP"]

1. d4 d5 2. c4 c6 3. e3 Nf6 4. Nc3 e6 5. Nf3 Nbd7 6. Bd3 Bd6 7. 0-0 0-0 8. Qe2 dxc4 9. Bxc4 e5 10. dxe5 Nxe5 11. Nxe5 Bxe5 12. h3 Qe7 13. Bd2 Be6 14. Bxe6 Qxe6 15. Rfd1 Rad8 16. Be1 Bc7 17. Rxd8 Rxd8 18. Rd1 Rxd1 19. Qxd1 Qd6 20. Qxd6 Bxd6 21. Kf1 Kf8 22. Ke2 Ke7 23. Kd3 Nd7 24. Ne4 Nc5+ 25. Nxc5 Bxc5 26. Bc3 g6 27. f3 f5 28. e4 fxe4+ 29. Kxe4 a6 30. f4 Ke6 31. g4 Be7 32. Be5 Bd8 33. b3 1/2-1/2

[Event "Madrid Codes op 6th"]
[White "Rios Rebollo, Victor"]
[Black "Rodriguez Dorado, Victor Manuel"]
[Site "Madrid"]
[Round "8.2"]
[Result "0-1"]
[Date "2012.06.03"]
[WhiteElo "1842"]
[BlackElo "1940"]
[PlyCount "126"]
[EventDate "2012.04.15"]
[EventType "swiss"]
[EventRounds "9"]
[EventCountry "ESP"]
[SourceTitle "EXT 2024"]
[Source "ChessBase"]
[SourceDate "2023.10.10"]
[SourceVersion "1"]
[SourceVersionDate "2023.10.10"]
[SourceQuality "1"]

1. d4 Nf6 2. c4 g6 3. Nc3 Bg7 4. e4 d6 5. f3 0-0 6. Be3 c5 7. dxc5 dxc5 8. Qxd8 Rxd8 9. Bxc5 Nc6 10. Nd5 Nd7 11. Bxe7 Nxe7 12. Nxe7+ Kf8 13. Nd5 Bxb2 14. Rb1 Bg7 15. Nh3 Ne5 16. Nf2 b6 17. Be2 Be6 18. 0-0 Rac8 19. Rb4 Nc6 20. Ra4 Na5 21. Rd1 Bb2 22. Rb1 Bd4 23. Rab4 Bc5 24. R4b2 Ba3 25. Rd2 Nxc4 26. Bxc4 Rxc4 27. Rbd1 Bxd5 28. exd5 Bb4 29. Re2 Rc5 30. Re4 a5 31. d6 Rc2 32. Kf1 Bc5 33. Nh3 Rxd6 34. Rxd6 Bxd6 35. a4 Bb4 36. Nf4 Rd2 37. Ne2 f5 38. Re6 Rd6 39. Re5 Kf7 40. Rb5 Bc5 41. Nc3 Rd3 42. Nb1 Ke6 43. Ke2 Re3+ 44. Kd2 f4 45. h3 g5 46. Kd1 h6 47. Nd2 Rd3 48. Kc2 Rd5 49. Ne4 Be3 50. Rxd5 Kxd5 51. Kd3 Bd4 52. Nd2 Bg7 53. Ne4 Bh8 54. Nd2 Kc5 55. Nc4 Bg7 56. Nd2 Kb4 57. Nc4 Kxa4 58. Nxb6+ Kb3 59. Nc4 Bc3 60. Nb6 Bb4 61. Ke4 a4 62. Nxa4 Kxa4 63. h4 Be1 0-1

[Event "Madrid-ch sf-B"]
[White "Garcia Ruiz Fuentes, Angel Marcos"]
[Black "Rios Rebollo, Victor"]
[Site "Madrid"]
[Round "9"]
[Result "1/2-1/2"]
[Date "2012.04.20"]
[WhiteElo "1873"]
[BlackElo "1842"]
[PlyCount "109"]
[EventDate "2012.03.22"]
[EventType "swiss"]
[EventRounds "9"]
[EventCountry "ESP"]
[SourceTitle "EXT 2013"]
[Source "ChessBase"]
[SourceDate "2012.11.22"]
[SourceVersion "1"]
[SourceVersionDate "2012.11.22"]
[SourceQuality "1"]

1. e4 e6 2. Nc3 d5 3. d4 Nf6 4. Bg5 Be7 5. e5 Nfd7 6. h4 Bxg5 7. hxg5 Qxg5 8. Qd3 g6 9. Nf3 Qe7 10. 0-0-0 a6 11. Qe3 c5 12. dxc5 Qxc5 13. Qf4 Nc6 14. Re1 Qb4 15. Qh6 b6 16. a3 Qf8 17. Qf4 Bb7 18. Bd3 Qg7 19. Na2 0-0-0 20. Nb4 Nxb4 21. axb4 b5 22. Qd4 Kb8 23. Nd2 Rc8 24. Nb3 Qf8 25. f4 h5 26. Rh4 Qe7 27. Reh1 Rhg8 28. c3 Ka8 29. Kc2 Nb8 30. Na5 Bc6 31. Nb3 Bb7 32. Na5 Bc6 33. Nb3 Qa7 34. Nc5 Qe7 35. R4h2 Rc7 36. Ra1 Ra7 37. Rhh1 g5 38. g3 gxf4 39. gxf4 Rh8 40. Be2 h4 41. Bf3 Bb7 42. Be2 Nd7 43. Nxb7 Kxb7 44. Bxb5 Raa8 45. Bxa6+ Rxa6 46. Rxa6 Kxa6 47. Ra1+ Kb7 48. Qa7+ Kc8 49. Qa8+ Nb8 50. Ra7 Qxa7 51. Qxa7 h3 52. Qxf7 h2 53. Qxe6+ Nd7 54. Qc6+ Kb8 55. Qd6+ 1/2-1/2

[Event "Madrid-ch sf-B"]
[White "Rios Rebollo, Victor"]
[Black "Arjona Martinez, Santiago"]
[Site "Madrid"]
[Round "8"]
[Result "1/2-1/2"]
[Date "2012.04.19"]
[WhiteElo "1842"]
[BlackElo "2062"]
[PlyCount "79"]
[EventDate "2012.03.22"]
[EventType "swiss"]
[EventRounds "9"]
[EventCountry "ESP"]
[SourceTitle "EXT 2013"]
[Source "ChessBase"]
[SourceDate "2012.11.22"]
[SourceVersion "1"]
[SourceVersionDate "2012.11.22"]
[SourceQuality "1"]

1. d4 Nf6 2. c4 d6 3. Nc3 Nbd7 4. e4 e5 5. d5 Be7 6. Be3 Nc5 7. f3 a5 8. Bd3 0-0 9. Nge2 Nh5 10. Qd2 Nxd3+ 11. Qxd3 Bg5 12. 0-0 b6 13. b3 f5 14. exf5 Bxf5 15. Ne4 Bxe4 16. Qxe4 Bxe3+ 17. Qxe3 Nf4 18. Nxf4 Rxf4 19. g3 Rf5 20. Rae1 Qf6 21. Kg2 Rf8 22. Qd3 h5 23. Re4 g5 24. Ree1 g4 25. fxg4 Rf2+ 26. Kg1 e4 27. Qb1 e3 28. g5 Qf7 29. Rc1 e2 30. Rfe1 Kg7 31. Qd3 Qf3 32. Qxf3 R8xf3 33. h3 Kg6 34. h4 Kf5 35. Rb1 Kg4 36. g6 Kxg3 37. g7 Rg2+ 38. Kh1 Rh2+ 39. Kg1 Rg2+ 40. Kh1 1/2-1/2

[Event "Madrid-ch sf-B"]
[White "Fuentes Arjona, Antonio C"]
[Black "Rios Rebollo, Victor"]
[Site "Madrid"]
[Round "2"]
[Result "1-0"]
[Date "2012.03.23"]
[WhiteElo "2012"]
[BlackElo "1842"]
[PlyCount "67"]
[EventDate "2012.03.22"]
[EventType "swiss"]
[EventRounds "9"]
[EventCountry "ESP"]
[SourceTitle "EXT 2013"]
[Source "ChessBase"]
[SourceDate "2012.11.22"]
[SourceVersion "1"]
[SourceVersionDate "2012.11.22"]
[SourceQuality "1"]

1. e4 e6 2. d4 d5 3. e5 c5 4. c3 Qb6 5. Nf3 Bd7 6. Be2 Bb5 7. 0-0 Nc6 8. Bxb5 Qxb5 9. a4 Qb6 10. dxc5 Bxc5 11. b4 Be7 12. a5 Qc7 13. Qa4 Nh6 14. b5 Nd8 15. Re1 0-0 16. Bxh6 gxh6 17. Qg4+ Kh8 18. Qh5 Qc4 19. Nd4 Rg8 20. Qxh6 Rg6 21. Qh5 a6 22. Re3 axb5 23. Nd2 Qc8 24. Nxb5 b6 25. Rh3 h6 26. Ra4 Bf8 27. Rg4 Rxg4 28. Qxg4 Rxa5 29. Rg3 Ra1+ 30. Nf1 Rxf1+ 31. Kxf1 Qc4+ 32. Qxc4 dxc4 33. Nd6 Bg7 34. f4 1-0

[Event "Madrid-ch prel-B"]
[White "Rios Rebollo, Victor"]
[Black "Marcos Herrero, Francisco"]
[Site "Madrid"]
[Round "9.4"]
[Result "1-0"]
[Date "2012.02.25"]
[WhiteElo "1844"]
[BlackElo "1874"]
[PlyCount "79"]
[EventDate "2012.02.02"]
[EventType "swiss"]
[EventRounds "9"]
[EventCountry "ESP"]
[SourceTitle "EXT 2024"]
[Source "ChessBase"]
[SourceDate "2023.10.10"]
[SourceVersion "1"]
[SourceVersionDate "2023.10.10"]
[SourceQuality "1"]

1. d4 Nf6 2. c4 c5 3. d5 b5 4. Qc2 Qa5+ 5. Bd2 b4 6. e4 d6 7. Nf3 Nbd7 8. Be2 g6 9. 0-0 Bg7 10. Bg5 0-0 11. Nbd2 Bb7 12. b3 h6 13. Bh4 g5 14. Bg3 Nh5 15. Rad1 Qc7 16. Rfe1 Nxg3 17. hxg3 a5 18. Nh2 a4 19. f4 axb3 20. axb3 Ra6 21. Bg4 Rfa8 22. Ndf3 Bc3 23. Re2 Ra1 24. Rxa1 Rxa1+ 25. Kf2 Nf6 26. fxg5 hxg5 27. Bf5 Bc8 28. Nxg5 Bd4+ 29. Kf3 Bg1 30. Ng4 Bxf5 31. exf5 Qa7 32. Nxf6+ exf6 33. Ne4 Rf1+ 34. Kg4 Kg7 35. Nxd6 Qd7 36. Ne8+ Kf8 37. Nxf6 Qd8 38. Re8+ Qxe8 39. Nxe8 Kxe8 40. Qe2+ 1-0

[Event "Madrid-ch U18"]
[White "Rios Rebollo, Victor"]
[Black "Ananian, Arman"]
[Site "Madrid"]
[Round "2"]
[Result "1-0"]
[Date "2011.12.27"]
[WhiteElo "1848"]
[BlackElo "1814"]
[PlyCount "109"]
[EventDate "2011.12.26"]
[EventType "swiss"]
[EventRounds "7"]
[EventCountry "ESP"]
[SourceTitle "EXT 2015"]
[Source "ChessBase"]
[SourceDate "2014.11.20"]
[SourceVersion "1"]
[SourceVersionDate "2014.11.20"]
[SourceQuality "1"]

1. d4 Nf6 2. c4 g6 3. Nc3 Bg7 4. e4 d6 5. f3 0-0 6. Be3 e5 7. d5 a6 8. Qd2 Bd7 9. Bd3 Qe8 10. b4 Nh5 11. Nge2 f5 12. a3 Nf4 13. Bxf4 exf4 14. Qxf4 fxe4 15. Qxe4 Qf7 16. 0-0 Bf5 17. Qe3 Re8 18. Qd2 Bxd3 19. Qxd3 Nd7 20. f4 Re7 21. Rad1 Rae8 22. Rf3 Bf6 23. Ng3 Re1+ 24. Rxe1 Rxe1+ 25. Kf2 Bxc3 26. Qxc3 Re8 27. h3 Nf6 28. Re3 Rf8 29. Qe1 Ne8 30. Rf3 Ng7 31. Qe4 Qf6 32. Qd3 Qh4 33. Kg1 Rxf4 34. Rxf4 Qxf4 35. Ne2 Qf5 36. Qxf5 Nxf5 37. Kf2 Kf7 38. g4 Ng7 39. Kf3 g5 40. Nd4 Kf6 41. Ke4 h6 42. a4 Kg6 43. a5 Kf6 44. b5 Kg6 45. bxa6 bxa6 46. Nc6 h5 47. Nb4 Ne8 48. Nxa6 Nf6+ 49. Kf3 Ne8 50. Nb4 c6 51. dxc6 hxg4+ 52. hxg4 Nc7 53. Nd5 Ne6 54. c7 Nd4+ 55. Ke4 1-0

[Event "Madrid-ch U18"]
[White "Fernandez Lledo, Javier"]
[Black "Rios Rebollo, Victor"]
[Site "Madrid"]
[Round "1"]
[Result "1-0"]
[Date "2011.12.26"]
[WhiteElo "2171"]
[BlackElo "1848"]
[PlyCount "67"]
[EventDate "2011.12.26"]
[EventType "swiss"]
[EventRounds "7"]
[EventCountry "ESP"]
[SourceTitle "EXT 2015"]
[Source "ChessBase"]
[SourceDate "2014.11.20"]
[SourceVersion "1"]
[SourceVersionDate "2014.11.20"]
[SourceQuality "1"]

1. c4 Nf6 2. Nf3 e6 3. e3 d5 4. b3 Be7 5. Bb2 Nbd7 6. Qc2 c6 7. Nc3 0-0 8. Rg1 dxc4 9. bxc4 b6 10. g4 Bb7 11. g5 Ne8 12. Bd3 g6 13. Ne4 Bb4 14. a3 Ba5 15. Ne5 Nxe5 16. Bxe5 c5 17. h4 Qd7 18. Ke2 Bxe4 19. Bxe4 Rd8 20. Rad1 Nd6 21. h5 Nxe4 22. Qxe4 a6 23. Bf6 Rc8 24. Qf4 b5 25. Bb2 Bd8 26. hxg6 fxg6 27. Qe5 Kf7 28. d4 Qc7 29. Qe4 cxd4 30. Rxd4 bxc4 31. Rgd1 Qb6 32. Rd7+ Ke8 33. Bc3 Rf7 34. R1d6 1-0

[Event "Madrid Codes Memorial 5th"]
[White "Rodriguez Nieto, Miguel Angel"]
[Black "Rios Rebollo, Victor"]
[Site "Madrid"]
[Round "5"]
[Result "0-1"]
[Date "2011.05.15"]
[WhiteElo "1601"]
[BlackElo "1796"]
[PlyCount "120"]
[EventDate "2011.04.10"]
[EventType "swiss"]
[EventRounds "9"]
[EventCountry "ESP"]
[SourceTitle "EXT 2013"]
[Source "ChessBase"]
[SourceDate "2012.11.22"]
[SourceVersion "1"]
[SourceVersionDate "2012.11.22"]
[SourceQuality "1"]

1. d4 e6 2. Nf3 d5 3. e3 c5 4. Be2 Nf6 5. 0-0 Be7 6. b3 0-0 7. Bb2 Nbd7 8. Nbd2 b6 9. c4 Bb7 10. Rc1 Rc8 11. Bd3 cxd4 12. Bxd4 Nc5 13. Bb1 Qd6 14. Be5 Qd7 15. Bb2 Rfd8 16. Ne5 Qe8 17. Qe2 dxc4 18. Ndxc4 Ba6 19. Qf3 Bb7 20. Qh3 h6 21. Ng4 Nxg4 22. Qxg4 Bf8 23. Rfd1 Qe7 24. h4 Rxd1+ 25. Rxd1 Rd8 26. Rxd8 Qxd8 27. Bd4 Qd5 28. Ne5 Nd7 29. Nxd7 Qxd7 30. Qd1 e5 31. Qc2 g6 32. Bxe5 Qd5 33. f4 Bc5 34. Bd4 Bxd4 35. exd4 Qxd4+ 36. Qf2 Qd1+ 37. Qf1 Qg4 38. Qf2 f5 39. Kh2 Qd1 40. Qc2 Qd5 41. Qc4 Qxc4 42. bxc4 Bc8 43. Bc2 Kf7 44. Bb3 Be6 45. Kg3 Ke7 46. Kf3 Kd6 47. Ke3 Kc5 48. Kd3 Bd7 49. Kc3 Bc6 50. g3 a5 51. a4 Bf3 52. Bc2 Be2 53. Bb3 Bf3 54. Bc2 Bc6 55. Bb3 Bg2 56. Bc2 Bf3 57. Bb3 Be2 58. Ba2 Bd1 59. Bb3 Bxb3 60. Kxb3 Kd4 0-1

[Event "Madrid-ch U18"]
[White "Rios Rebollo, Victor"]
[Black "Garcia Ruiz Fuentes, Angel Marcos"]
[Site "Madrid"]
[Round "4"]
[Result "1/2-1/2"]
[Date "2010.12.29"]
[WhiteElo "1803"]
[BlackElo "1757"]
[PlyCount "114"]
[EventDate "2010.12.26"]
[EventType "swiss"]
[EventRounds "7"]
[EventCountry "ESP"]
[SourceTitle "CBM 140 Extra"]
[Source "ChessBase"]
[SourceDate "2011.03.01"]
[SourceVersion "1"]
[SourceVersionDate "2011.03.01"]
[SourceQuality "1"]

1. d4 Nf6 2. c4 g6 3. Nc3 Bg7 4. e4 d6 5. f3 0-0 6. Be3 Nc6 7. Qd2 a6 8. Nge2 Rb8 9. Nc1 e5 10. d5 Nd4 11. N1e2 Nxe2 12. Bxe2 Nd7 13. 0-0-0 Nc5 14. g4 Bd7 15. h4 Na4 16. Kb1 Nxc3+ 17. Qxc3 b5 18. cxb5 Bxb5 19. Bxb5 Rxb5 20. Rc1 Qb8 21. Rc2 Rc8 22. h5 Qb7 23. Bc1 Rc5 24. Qd2 Rxc2 25. Qxc2 c6 26. hxg6 fxg6 27. dxc6 Rxc6 28. Qd2 Qf7 29. Qe2 Bf8 30. Qh2 Rc7 31. Qe2 Rc6 32. Rd1 Qc4 33. Qxc4+ Rxc4 34. Rd3 h5 35. gxh5 gxh5 36. Bg5 Kf7 37. b3 Rc6 38. Kb2 Be7 39. Be3 Rc8 40. Rd2 h4 41. Rh2 Rh8 42. Kc3 h3 43. Bf2 Bg5 44. Bg3 Be3 45. Rh1 Ke6 46. b4 d5 47. exd5+ Kxd5 48. Kd3 Bd4 49. a3 Bb6 50. a4 Bd4 51. Rh2 Bg1 52. Rh1 h2 53. Ke2 Rh3 54. Bf2 Bxf2 55. Kxf2 Rh4 56. b5 axb5 57. axb5 Rb4 1/2-1/2

[Event "Madrid Codes Memorial 4th"]
[White "Iagar, Razvan Gabriel"]
[Black "Rios Rebollo, Victor"]
[Site "Madrid"]
[Round "7"]
[Result "1/2-1/2"]
[Date "2010.05.30"]
[WhiteElo "2141"]
[BlackElo "1746"]
[PlyCount "75"]
[EventDate "2010.04.18"]
[EventType "swiss"]
[EventRounds "9"]
[EventCountry "ESP"]
[SourceTitle "CBM 136 Extra"]
[Source "ChessBase"]
[SourceDate "2010.07.02"]
[SourceVersion "2"]
[SourceVersionDate "2010.07.15"]
[SourceQuality "1"]

1. d4 d5 2. c4 e6 3. Nf3 Nf6 4. g3 Nbd7 5. Bg2 c6 6. 0-0 Be7 7. Qc2 0-0 8. Rd1 b6 9. Nbd2 Bb7 10. e4 dxe4 11. Nxe4 Nxe4 12. Qxe4 Nf6 13. Qe2 Qc7 14. Bf4 Bd6 15. Bxd6 Qxd6 16. Rac1 Rfd8 17. Ne5 Rac8 18. Qc2 Qb8 19. f4 h6 20. b3 Nd7 21. Qe4 Nxe5 22. dxe5 Rxd1+ 23. Rxd1 Rd8 24. Rd4 Qc7 25. Qd3 Rxd4 26. Qxd4 c5 27. Qd6 Qc8 28. Qe7 Bxg2 29. Kxg2 Qb8 30. g4 Qa8+ 31. Kf2 Qb8 32. Ke3 g6 33. h4 Qa8 34. h5 Qg2 35. hxg6 Qg3+ 36. Ke4 Qe1+ 37. Kf3 Qf1+ 38. Ke3 1/2-1/2